000 00518nam a2200169Ia 4500
999 _c17
_d17
020 _a81-7936-002-4
082 _a320.954 MAI-P
100 _aMaiti, Prasenjit
245 0 _aProblems of Governance in India since Independence: the Bengal success story
260 _aNew Delhi
_bVedams ebooks Pvt. Ltd.
_c2002
300 _axii, 123
504 _aIncludes bibliography and Index
650 _aIndia
_vPolitics and government
650 _aWest Bengal
_vHistory
650 _aWest Bengal
_vPolitics and history
942 _cBK